Estatísticas para 150 Graus Oeste Países

Clique aqui para jogar o quiz

Estatísticas Gerais

  • Esse quiz foi jogado 21 vezes
  • A pontuação média é 13 de 20

Estatísticas das Respostas

grauspaís% Correto
9.00°Canadá
89%
Estados Unidos
89%
32.88°México
78%
26.16°Nova Zelândia
78%
56.36°Austrália
72%
28.75°Fiji
72%
18.98°Rússia
72%
0.19°Kiribati
67%
30.13°Tuvalu
67%
39.76°Vanuatu
67%
37.83°Ilhas Marshall
61%
43.87°Ilhas Salomão
61%
43.04°Nauru
61%
21.43°Samoa
61%
23.90°Tonga
61%
46.96°Micronésia
56%
40.55°Chile
44%
54.05°Papua Nova Guiné
44%
7.32°Ilhas Cook
39%
19.78°Niue
28%

Distribuição das Pontuações

Percentil de Números Respondidos

Porcentagem de Pessoas com Cada Pontuação

Sua Pontuação Histórica

Você não jogou esse quiz